The maintenance and adaptation of buildings / (Record no. 82322)

MARC details
000 -LEADER
fixed length control field 00944nam a2200217 a 4500
008 - FIXED-LENGTH DATA ELEMENTS--GENERAL INFORMATION
fixed length control field 060316s1981 ||||||||||||||||| || u
020 ## - INTERNATIONAL STANDARD BOOK NUMBER
International Standard Book Number 058241573X
050 ## - LIBRARY OF CONGRESS CALL NUMBER
Classification number TH 3301 Chu
100 ## - MAIN ENTRY--PERSONAL NAME
Personal name Chudley, R
245 14 - TITLE STATEMENT
Title The maintenance and adaptation of buildings /
260 ## - PUBLICATION, DISTRIBUTION, ETC.
Place of publication, distribution, etc. London ;New York :
Name of publisher, distributor, etc. Longman
Date of publication, distribution, etc. 1981.
300 ## - PHYSICAL DESCRIPTION
Extent p. cm.
350 ## -
-- 0.00
490 ## -
-- Longman technician series : Construction and civil engineering
500 ## - GENERAL NOTE
General note Cataloging based on CIP information. -Bibliography: p. -Includes index.
650 ## - SUBJECT ADDED ENTRY--TOPICAL TERM
Topical term or geographic name entry element BUILDINGS--MAINTENANCE
650 ## - SUBJECT ADDED ENTRY--TOPICAL TERM
Topical term or geographic name entry element BUILDINGS--REMODELING FOR OTHER USE
650 ## - SUBJECT ADDED ENTRY--TOPICAL TERM
Topical term or geographic name entry element BUILDING
995 ## -
-- ANNEX COLLECTION (Main Library)
-- 0.00
-- 708316
-- CBU-MAIN LIBRARY (Kitwe)
-- 2
-- 5.50
-- TH 3301 Chu
-- 2
-- AVAILABLE
-- 015335
-- Annex Low-Usage Collection
995 ## -
-- BINDERY (DAMAGED)
-- 0.00
-- 708315
-- CBU-MAIN LIBRARY (Kitwe)
-- 1
-- 5.50
-- TH 3301 Chu
-- 1
-- DAMAGED
-- 015334
-- Main Library Open Access Collection
999 ## -
-- 82322
-- 82322
Holdings
Withdrawn status Lost status Source of classification or shelving scheme Damaged status Not for loan Permanent Location Current Location Shelving location Date acquired Total Checkouts Full call number Barcode Date last seen Copy number Price effective from Koha item type
          CBU-MAIN LIBRARY, KITWE. CBU-MAIN LIBRARY, KITWE.   09/27/2023   TH 3301 Chu 015335 09/27/2023 1 09/27/2023 MONOGRAPH
          CBU-MAIN LIBRARY, KITWE. CBU-MAIN LIBRARY, KITWE.   09/27/2023   TH 3301 Chu 015334 09/27/2023 2 09/27/2023 MONOGRAPH